Central Library OPAC University of Rajshahi

উলূমুল হাদীস / (Record no. 37924)

MARC details
000 -LEADER
fixed length control field 00891nam a22002291a 4500
001 - CONTROL NUMBER
control field 37924
003 - CONTROL NUMBER IDENTIFIER
rucl marc code BD-RjUL
005 - DATE AND TIME OF LATEST TRANSACTION
control field 20211209052705.0
008 - FIXED-LENGTH DATA ELEMENTS--GENERAL INFORMATION
fixed length control field 150812s2000 bg ||||| b||| 00| 0 ben d
035 ## - SYSTEM CONTROL NUMBER
System control number (BD-RjUL)38029
040 ## - CATALOGING SOURCE
Original cataloging agency BD-RjUL
Language of cataloging eng
Transcribing agency BD-RjUL
041 ## - LANGUAGE CODE
Language code of text/sound track or separate title ben
-- urd
082 ## - DEWEY DECIMAL CLASSIFICATION NUMBER
Classification number 297.124
Author mark and year HOU 2000
100 ## - MAIN ENTRY--PERSONAL NAME
Personal name হোসেন, মোহাম্মাদ বেলাল
9 (RLIN) 117489
245 ## - TITLE STATEMENT
Title উলূমুল হাদীস /
Statement of responsibility, etc. মোহাম্মাদ বেলাল হোসেন
260 ## - PUBLICATION, DISTRIBUTION, ETC. (IMPRINT)
Place of publication, distribution, etc. রাজশাহী, বাংলাদেশ :
Name of publisher, distributor, etc. সেন্টার ফর ইসলামিক রিসার্চ,
Date of publication, distribution, etc. ২০০০.
300 ## - PHYSICAL DESCRIPTION
Pagination ৩৫৮ পৃ. ;
Size ২২ সেমি.
504 ## - BIBLIOGRAPHY, ETC. NOTE
Bibliography, etc গ্রন্থপঞ্জী সংযুক্ত ।
650 ## - SUBJECT ADDED ENTRY--TOPICAL TERM
Topical term or geographic name as entry element হাদীস
9 (RLIN) 117385
Topical term or geographic name as entry element Hadith
9 (RLIN) 117386
942 ## - ADDED ENTRY ELEMENTS (KOHA)
Source of classification or shelving scheme Dewey Decimal Classification
Koha item type Books
Holdings
Lost status Source of classification or shelving scheme Damaged status Not for loan Collection code Permanent Location Current Location Shelving location Date acquired Source of acquisition Cost, normal purchase price Total Checkouts Full call number Date last seen Date checked out Copy number Koha item type
  Dewey Decimal Classification     Non-fiction Central Library, University of Rajshahi Central Library, University of Rajshahi   27/01/2001 ইসলামিক স্টাডিজ বিভাগ, রা: বি: 170.00 1 B 297.124 HOU 2000 18/08/2015 13/08/2015 C-2 Books
  Dewey Decimal Classification     Non-fiction Central Library, University of Rajshahi Central Library, University of Rajshahi   27/01/2001 ইসলামিক স্টাডিজ বিভাগ, রা: বি: 170.00 1 B 297.124 HOU 2000 14/09/2015 31/08/2015 C-3 Books
  Dewey Decimal Classification     Non-fiction Central Library, University of Rajshahi Central Library, University of Rajshahi   27/01/2001 ইসলামিক স্টাডিজ বিভাগ, রা: বি: 170.00 3 B 297.124 HOU 2000 22/04/2017 04/04/2017 C-4 Books
  Dewey Decimal Classification     Non-fiction Central Library, University of Rajshahi Central Library, University of Rajshahi   27/01/2001 ইসলামিক স্টাডিজ বিভাগ, রা: বি: 170.00 1 B 297.124 HOU 2000 11/11/2019 24/10/2019 C-5 Books
  Dewey Decimal Classification     Non-fiction Central Library, University of Rajshahi Central Library, University of Rajshahi   27/01/2001 ইসলামিক স্টাডিজ বিভাগ, রা: বি: 170.00 2 B 297.124 HOU 2000 04/07/2017 22/05/2017 C-6 Books
  Dewey Decimal Classification     Non-fiction Central Library, University of Rajshahi Central Library, University of Rajshahi   27/01/2001 ইসলামিক স্টাডিজ বিভাগ, রা: বি: 170.00 5 B 297.124 HOU 2000 01/08/2017 16/07/2017 C-7 Books
  Dewey Decimal Classification   Not For Loan Non-fiction Central Library, University of Rajshahi Central Library, University of Rajshahi Reading Room 27/01/2001 Islamic studies Dept. RU 170.00   B 297.124 HOU 2000 03/12/2016   C-1 Books